[Event "Zlin Region-chT 2223"]
[Site "Czech Republic"]
[Date "2023.04.02"]
[Round "11.6"]
[White "Frybort, Pavel"]
[Black "Dolezal, Karel1111"]
[Result "1-0"]
[WhiteElo "1803"]
[BlackElo "1887"]
[PlyCount "75"]
[EventDate "2022.10.09"]
[EventType "team-tourn"]
[EventRounds "11"]
[EventCountry "CZE"]
[SourceTitle "EXT 2024"]
[Source "ChessBase"]
[SourceDate "2023.10.10"]
[SourceVersion "1"]
[SourceVersionDate "2023.10.10"]
[SourceQuality "1"]
[WhiteTeam "Borsice"]
[BlackTeam "Francova Lhota Sokol"]
[WhiteTeamCountry "CZE"]
[BlackTeamCountry "CZE"]

1. c4 Nf6 2. Nc3 g6 3. g3 d6 4. Bg2 c6 5. b4 Bg7 6. Bb2 0-0 7. e3 Qc7 8. Nge2 Bg4 9. Qc2 Bxe2 10. Nxe2 Nbd7 11. 0-0 Ne8 12. Rab1 Bxb2 13. Rxb2 f5 14. d4 Ng7 15. Rfb1 e5 16. c5 e4 17. cxd6 Qxd6 18. Bf1 Kh8 19. Re1 g5 20. b5 cxb5 21. Rxb5 Rfc8 22. Qb3 b6 23. Bh3 g4 24. Bf1 Rc7 25. Nf4 Rac8 26. Qb1 Qc6 27. Rb2 Nb8 28. Bb5 Qd6 29. a4 Rc3 30. d5 R3c5 31. Qa1 Kg8 32. Rd2 Rc2 33. Qd4 Rxd2 34. Qxd2 Kf7 35. Qd4 a6 36. Bf1 Rc5 37. Rb1 Ra5 38. Rxb6 1-0

[Event "Zlin Region-chT 2223"]
[Site "Czech Republic"]
[Date "2023.01.29"]
[Round "7.6"]
[White "Jurca, Marek"]
[Black "Frybort, Pavel"]
[Result "1-0"]
[WhiteElo "1924"]
[BlackElo "1803"]
[PlyCount "45"]
[EventDate "2022.10.09"]
[EventType "team-tourn"]
[EventRounds "11"]
[EventCountry "CZE"]
[SourceTitle "EXT 2024"]
[Source "ChessBase"]
[SourceDate "2023.10.10"]
[SourceVersion "1"]
[SourceVersionDate "2023.10.10"]
[SourceQuality "1"]
[WhiteTeam "Zlin II"]
[BlackTeam "Borsice"]
[WhiteTeamCountry "CZE"]
[BlackTeamCountry "CZE"]

1. d4 Nf6 2. c4 e6 3. Nf3 d5 4. g3 Be7 5. Bg2 0-0 6. 0-0 Nbd7 7. Qc2 c5 8. cxd5 Nxd5 9. a3 cxd4 10. Nxd4 Qb6 11. Nf5 Bf6 12. e4 Ne7 13. Be3 Qa6 14. Nd4 Ne5 15. Rd1 N7c6 16. Nb3 b6 17. Nc3 Nc4 18. Bc1 Bb7 19. Bf1 Rac8 20. Nd2 Nb4 21. axb4 Qxa1 22. Nxc4 Rc7 23. Bf4 1-0

[Event "CZE-chT2e 0607"]
[Site "Czech Republic"]
[Date "2007.02.25"]
[Round "8.8"]
[White "Frybort, Pavel"]
[Black "Fuchs, Ludek"]
[Result "1-0"]
[WhiteElo "1835"]
[BlackElo "2098"]
[PlyCount "59"]
[EventDate "2006.10.15"]
[EventType "team"]
[EventRounds "11"]
[EventCountry "CZE"]
[SourceTitle "EXT 2009"]
[Source "ChessBase"]
[SourceDate "2008.11.26"]
[SourceVersion "1"]
[SourceVersionDate "2008.11.26"]
[SourceQuality "1"]

1. c4 e6 2. Nc3 d5 3. cxd5 exd5 4. d4 c6 5. Nf3 Nf6 6. Bg5 Nbd7 7. e3 Bb4 8. Bd3 0-0 9. 0-0 Re8 10. Qc2 h6 11. Bh4 g5 12. Bg3 Nh5 13. Be5 g4 14. Bg6 Ng7 15. Bh7+ Kh8 16. Bxg7+ Kxg7 17. Nd2 Nf8 18. Bf5 Qg5 19. Bxc8 Raxc8 20. e4 dxe4 21. Ndxe4 Qg6 22. Qb3 Bxc3 23. Nxc3 Rc7 24. Rad1 Ne6 25. d5 Nf4 26. Qb4 Qf5 27. Rd4 Ng6 28. Rxg4 Rce7 29. h3 Re1 30. Qd4+ 1-0